000 01049cam a2200301 i 4500
999 _c23215
_d23215
001 4204621
003 OSt
005 20200519124150.0
008 820309s1978 pk b 001 0 eng
010 _a 80930183
020 _cRs45.00
_a8174350179
040 _aDLC
_coclc
_dDLC
041 1 _aengger
050 0 0 _aD116.7.I3
_bS513
082 0 0 _a306
_bSIM/I
100 _aSimon, Heinrich
_92435
240 1 0 _aIbn Khaldūns Wissenschaft von der menschlichen Kultur.
_lEnglish
245 1 0 _aIbn Khaldun's science of human culture /
_cHeinrich Simon ; translated with pref. by Faud Baali.
250 _a1st ed.
260 _aNew Delhi:
_bAdam Publishers And Distributors,
_c2009.
300 _a120p
500 _aTranslation of Ibn Khaldūns Wissenschaft von der menschlichen Kultur.
504 _aIncludes bibliographical references and index.
600 0 0 _aIbn Khaldūn,
_d1332-1406.
700 1 _aBaali, Fuad.
906 _a7
_bcbc
_corignew
_d4
_encip
_f19
_gy-gencatlg
942 _2ddc
_cBK
_h306
_iSIM/I
_k306
_mSIM/I